|
|
|
|
| LEADER |
00857pam a22002418a 4500 |
| 001 |
00021801 |
| 005 |
20171026081022.0 |
| 008 |
110526s1995 ||||||Viesd |
| 041 |
0 |
# |
|a Vie
|
| 082 |
1 |
4 |
|a 572.8
|b D300TR
|
| 100 |
0 |
# |
|a Hoàng Trọng Phán
|
| 245 |
0 |
0 |
|a Di truyền học phân tử
|c Hoàng Trọng Phán
|
| 260 |
# |
# |
|a Huế
|b ĐH Huế
|c 1995
|
| 300 |
# |
# |
|a 99 tr.
|c 21 cm.
|
| 500 |
# |
# |
|a ĐTTS ghi : Bộ GD & ĐT. Đại học Huế. Trung tâm đào tạo từ xa
|
| 650 |
# |
4 |
|a Di truyền học phân tử
|
| 653 |
# |
# |
|a Phân tử
|
| 852 |
# |
# |
|b Kho giáo trình
|j KGT.0050317
|
| 852 |
# |
# |
|b Kho mượn
|j KGT.0050317
|
| 852 |
# |
# |
|b Kho đọc
|j KD.0007810
|
| 852 |
# |
# |
|j KGT.0050317
|j KD.0007810
|
| 910 |
0 |
# |
|a nhnam
|d 26/05/2011
|
| 980 |
# |
# |
|a Trung tâm Học liệu Lê Vũ Hùng, Trường Đại học Đồng Tháp
|